| 000 | 00799nam a2200217 a 4500 | ||
|---|---|---|---|
| 999 |
_c2138 _d2138 |
||
| 001 | 2138 | ||
| 003 | BD-JhCC | ||
| 005 | 20171030105645.0 | ||
| 008 | 171030s1974 bg ||||| ||a| 00| 0 eng d | ||
| 035 | _a(BD-JhCC)2138 | ||
| 040 |
_aBD-JhCC _dBD-JhCC |
||
| 041 | _aeng | ||
| 082 |
_a297.18 _bHOS 1974 |
||
| 100 | _aহুসাইন, মওলবী মুহাম্মদ মুজাফফার | ||
| 245 |
_aচারি ইমামের জীবনী / _cমওলবী মুহাম্মদ মুজাফফার হুসাইন |
||
| 260 |
_aঢকা : _bইসলামিয়া লিথো এন্ড প্রিন্টিং প্রেস, _c1974. |
||
| 300 |
_a491 p. : _c21 cm. |
||
| 650 | _aIslamic Legends ( Imam) | ||
| 942 |
_2ddc _cBK |
||